LIBRARY & INFORMATION CENTRE, KCAET, TAVANUR

ONLINE PUBLIC ACCESS CATALOGUE (OPAC)

Applied hydrology, Part-1,2,3 / (Record no. 7261)

MARC details
000 -LEADER
fixed length control field 00672cam a2200277ua 4500
041 ## - LANGUAGE CODE
Language code of text/sound track or separate title eng
082 ## - DEWEY DECIMAL CLASSIFICATION NUMBER
Classification number 551.48
Item number MUT/AP
100 ## - MAIN ENTRY--AUTHOR NAME
Personal name Mutreja, K N .
245 ## - TITLE STATEMENT
Title Applied hydrology, Part-1,2,3 /
250 ## - EDITION STATEMENT
Edition statement 1 /
260 ## - PUBLICATION, DISTRIBUTION, ETC. (IMPRINT)
Place of publication New Delhi :
Name of publisher Tata Mc-Graw Hill Publishing Company ,
Year of publication 1990.
300 ## - PHYSICAL DESCRIPTION
Number of Pages 959 ; .
500 ## - GENERAL NOTE
General note *CSS
942 ## - ADDED ENTRY ELEMENTS (KOHA)
Koha item type Books
Holdings
Withdrawn status Lost status Damaged status Home library Current library Date acquired Full call number Accession Number Koha item type Shelving location
      KAUAET KAUAET 07/04/2012 551.48 MUT/AP 19069 Books  
      KAUAET KAUAET 07/04/2012 551.48 MUT/AP 19068 Books  
      KAUAET KAUAET 07/04/2012 551.48 MUT/AP 17703 Books  
      KAUAET KAUAET 30/08/2018 551.48 MUT/AP 18874 Books Scheme
      KAUAET KAUAET 30/08/2018 551.48 MUT/AP 18274 Books Scheme
      KAUAET KAUAET 30/08/2018 551.48 MUT/AP 18272 Books Scheme
      KAUAET KAUAET 30/08/2018 551.48 MUT/AP 18873 Books Binding Shelf
      KAUAET KAUAET 31/08/2018 551.48 MUT/AP 18273 Books Scheme
free website counter